000
00241nam a2200097Ia 4500
008
120527s9999 xx 000 0 und d
100
_a
SINGH,C.et al.
245
_a
Modern techniqque of raising field crops.
260
_b
IBH Pub.
942
_c
BK
999
_c
24062
_d
24062